Les Misérables Characters - Statistics

General Stats
  • This quiz has been taken 239 times
  • The average score is 10 of 11
Answer Stats
Description Character Main Solo Song % Correct
Ex-convict who spent 19 years in jail for stealing a loaf of bread. Jean Valjean Bring Him Home
100%
Child of the above who falls in love with the below. Cosette A Heart Full Of Love
98%
Police officer whose life is devoted to tracking down the above. Javert Stars
98%
A member of the french revolution who is in love with the above. Marius Empty Chairs and Empty Tables
96%
Daughter of the below who loves the above. Eponine On My Own
95%
Woman fired for her job for her conflicts with her co-workers. Fantine I Dreamed a Dream
95%
Young Child and a member of the french revolution. Gavroche Little People
87%
Catholic man who spares the main character from going back to jail Digne M. Myriel Valjean Arrested
74%
Wife of the above Mme. Thénardier None
74%
Greedy man and the father of the above. M. Thénardier Dog Eats Dog
74%
Leader of the french revolution. Enjolras Building the Barricade
73%
No matching quizzes found
Score Distribution
Percent of People with Each Score
Percentile by Number Answered
Your Score History
You have not taken this quiz